| Tag |
First Indicator |
Second Indicator |
Subfields |
| LEADER |
00000cam a2200000 a 4500 |
| 001 |
in00000753213 |
| 005 |
20151016160436.0 |
| 007 |
hd afa014baca |
| 008 |
831222s1898 ctua a 00011 eng d |
| 035 |
|
|
|a (OCoLC)10243746
|
| 035 |
|
|
|9 ADJ0584AM
|
| 040 |
|
|
|a IND
|c LWS
|d UtOrBLW
|
| 049 |
|
|
|a TXAI
|
| 090 |
|
|
|a PS15
|
| 099 |
|
|
|a film
|a B
|a 1551
|
| 100 |
1 |
|
|a Johnston, Mary,
|d 1870-1936.
|
| 245 |
1 |
0 |
|a Prisoners of hope :
|b a tale of colonial Virginia /
|c by Mary Johnston.
|
| 264 |
|
1 |
|a Boston :
|b Houghton, Mifflin,
|c 1898.
|
| 300 |
|
|
|a vi, 378 pages :
|b illustrations ;
|c 20 cm.
|
| 336 |
|
|
|a text
|b txt
|2 rdacontent
|
| 337 |
|
|
|a microform
|b h
|2 rdamedia
|
| 338 |
|
|
|a microfilm reel
|b hd
|2 rdacarrier
|
| 533 |
|
|
|a Microfilm.
|b Woodbridge, Conn. :
|c Research Publications,
|d 1970-1978.
|e 1 microfilm reel ; 35 mm.
|f (Wright American fiction ; v. 3 (1876-1900), reel J-17, no. 3012)
|
| 500 |
|
|
|a Microform.
|
| 999 |
|
|
|a MARS
|
| 999 |
f |
f |
|s e4fd4024-82f0-36b8-94ea-958868dd71d2
|i e06ff1e1-784b-3731-91f2-b7ff2fcfd44a
|t 0
|
| 952 |
f |
f |
|p default
|a Texas A&M University
|b College Station
|c Sterling C. Evans Library
|d Evans: Microforms (3rd floor)
|t 0
|e film B 1551 v.3 reel J-17 no.3012
|h Other scheme
|i microform -- microfilm reel
|
| 998 |
f |
f |
|a film B 1551 v.3 reel J-17 no.3012
|t 0
|l Evans: Microforms (3rd floor)
|